[Event "Herlev "]
[Site "Herlev"]
[Date "1997.??.??"]
[Round "9"]
[White "Hoi, Carsten"]
[Black "Hartung Nielsen, Jens"]
[Result "1-0"]
[WhiteElo "2420"]
[BlackElo "2235"]
[PlyCount "79"]
[EventDate "1997.??.??"]
[EventType "swiss"]
[EventRounds "9"]
[EventCountry "DEN"]
[Source "ChessBase"]
[SourceDate "1998.11.10"]

1. d4 d5 2. Nf3 c5 3. c4 e6 4. cxd5 exd5 5. g3 Nc6 6. Bg2 Nf6 7. O-O cxd4 8.
Nxd4 Be7 9. Nxc6 bxc6 10. Qc2 Bd7 11. Nd2 O-O 12. e4 Bd6 13. b3 Be5 14. Bb2
Bxb2 15. Qxb2 Re8 16. Rae1 Qb6 17. e5 Ng4 18. h3 Nh6 19. g4 a5 20. Kh2 a4 21.
f4 axb3 22. axb3 Bxg4 23. hxg4 Nxg4+ 24. Kg3 Ne3 25. Rf3 Nf5+ 26. Kh2 Re6 27.
Nf1 Rb8 28. Bh3 Rh6 29. Ng3 Nd4 30. Rd3 c5 31. f5 Rh4 32. e6 Qc7 33. Qg2 c4 34.
bxc4 dxc4 35. e7 Re8 36. Ra3 h6 37. Ra8 Qd7 38. Rxe8+ Qxe8 39. f6 g6 40. Re4
1-0

[Event "Herlev "]
[Site "Herlev"]
[Date "1997.??.??"]
[Round "7"]
[White "Hoi, Carsten"]
[Black "Larsen, Peter"]
[Result "0-1"]
[WhiteElo "2420"]
[BlackElo "2215"]
[PlyCount "110"]
[EventDate "1997.??.??"]
[EventType "swiss"]
[EventRounds "9"]
[EventCountry "DEN"]
[Source "ChessBase"]
[SourceDate "1998.11.10"]

1. d4 Nf6 2. Nf3 c5 3. d5 c4 4. e3 Qa5+ 5. Qd2 Qxd5 6. Qxd5 Nxd5 7. Bxc4 Nb6 8.
Bb3 d5 9. a4 e6 10. Nc3 Na6 11. a5 Nd7 12. e4 Ndc5 13. exd5 Nxb3 14. cxb3 Nb4
15. O-O Nxd5 16. Nxd5 exd5 17. Bf4 Be7 18. Rfe1 Be6 19. a6 bxa6 20. Rxa6 O-O
21. Rea1 Bc5 22. Be3 Rfc8 23. Bxc5 Rxc5 24. Nd4 h6 25. f4 Rc7 26. Kf2 Bc8 27.
R6a5 a6 28. Rxd5 Bb7 29. Rd6 Re8 30. g3 Kf8 31. Re1 Rxe1 32. Kxe1 Rc1+ 33. Kd2
Rh1 34. h4 Rg1 35. Rb6 Rg2+ 36. Kc3 Rxg3+ 37. Kc4 Be4 38. Kc5 Rh3 39. Kd6 Kg8
40. Rxa6 Rxh4 41. Ke5 Bg2 42. Ra1 Rh5+ 43. f5 Rh4 44. Rd1 Re4+ 45. Kd6 h5 46.
b4 h4 47. b5 h3 48. Nc6 Re2 49. b4 Rc2 50. Ne7+ Kf8 51. b6 h2 52. b5 Rb2 53.
Nc6 Rxb5 54. Kc7 Kg8 55. Ne7+ Kh7 0-1

[Event "Herlev "]
[Site "Herlev"]
[Date "1997.??.??"]
[Round "5"]
[White "Hoi, Carsten"]
[Black "Olsen, Heini"]
[Result "1-0"]
[WhiteElo "2420"]
[BlackElo "2330"]
[PlyCount "37"]
[EventDate "1997.??.??"]
[EventType "swiss"]
[EventRounds "9"]
[EventCountry "DEN"]
[Source "ChessBase"]
[SourceDate "1998.11.10"]

1. d4 Nf6 2. c4 e6 3. Nc3 d5 4. Bg5 Be7 5. e3 h6 6. Bh4 O-O 7. Nf3 Ne4 8. Bxe7
Qxe7 9. Qc2 Nxc3 10. Qxc3 dxc4 11. Bxc4 b6 12. O-O Bb7 13. Be2 c5 14. dxc5 Rc8
15. Rac1 Rxc5 16. Qa3 Nd7 17. Rfd1 Bd5 18. Nd2 Rac8 19. e4 1-0

[Event "Herlev "]
[Site "Herlev"]
[Date "1997.??.??"]
[Round "3"]
[White "Hoi, Carsten"]
[Black "Nilsson, Nils Specht"]
[Result "1/2-1/2"]
[WhiteElo "2425"]
[BlackElo "2225"]
[PlyCount "122"]
[EventDate "1997.??.??"]
[EventType "swiss"]
[EventRounds "9"]
[EventCountry "DEN"]
[Source "ChessBase"]
[SourceDate "1998.11.10"]

1. d4 Nf6 2. c4 g6 3. Nc3 Bg7 4. e4 d6 5. f3 O-O 6. Be3 Nc6 7. Nge2 e5 8. Qd2
exd4 9. Nxd4 Nxd4 10. Bxd4 Nh5 11. Bxg7 Nxg7 12. O-O-O Ne6 13. h4 b6 14. Kb1
Bb7 15. Bd3 Qf6 16. Bc2 Rad8 17. h5 Qg5 18. hxg6 fxg6 19. Qf2 Rf7 20. Nd5 Bxd5
21. cxd5 Nc5 22. g3 Re8 23. Rde1 Rfe7 24. Re3 a5 25. Rhe1 Qf6 26. Qd2 g5 27.
Qh2 Rf8 28. Qh5 Rff7 29. Qg4 Rg7 30. Rh1 Nd7 31. Rc3 Ne5 32. Qc8+ Qf8 33. Qxf8+
Kxf8 34. Kc1 Ref7 35. Bd1 Rf6 36. Kd2 Rgf7 37. Rf1 b5 38. Be2 b4 39. Rb3 c5 40.
dxc6 Nxc6 41. Bc4 Rc7 42. Re3 Ne5 43. Be2 Rh6 44. f4 gxf4 45. gxf4 Nc4+ 46.
Bxc4 Rxc4 47. Kd3 Rc5 48. Re2 b3 49. axb3 Rh3+ 50. Re3 Rh2 51. e5 dxe5 52.
fxe5+ Ke7 53. e6 Rcc2 54. Rf7+ Ke8 55. Ra7 Rhd2+ 56. Ke4 Re2 57. Rxe2 Rxe2+ 58.
Kd5 Rxb2 59. Kc4 Re2 60. Rxh7 Rxe6 61. Ra7 Re4+ 1/2-1/2

[Event "Herlev "]
[Site "Herlev"]
[Date "1997.??.??"]
[Round "1"]
[White "Hoi, Carsten"]
[Black "Larsen, Karsten"]
[Result "1-0"]
[WhiteElo "2425"]
[BlackElo "2175"]
[PlyCount "102"]
[EventDate "1997.??.??"]
[EventType "swiss"]
[EventRounds "9"]
[EventCountry "DEN"]
[Source "ChessBase"]
[SourceDate "1998.11.10"]

1. d4 c5 2. d5 Nf6 3. Nc3 e5 4. e4 d6 5. Nf3 g6 6. Be2 Bg7 7. O-O O-O 8. Nd2
Nbd7 9. a4 Ne8 10. Nc4 Qe7 11. Kh1 f5 12. exf5 gxf5 13. f4 e4 14. Be3 Ndf6 15.
h3 Kh8 16. Qe1 Rg8 17. Rd1 Bf8 18. Bf2 Qg7 19. Ne3 Qg6 20. Bh4 Ng7 21. Bg5 h6
22. Qh4 Ngh5 23. Bxf6+ Nxf6 24. g4 Be7 25. gxf5 Qh7 26. Rg1 Ng4 27. Qxg4 Rxg4
28. hxg4 Bd7 29. Nxe4 Re8 30. Bd3 Bh4 31. Nc4 Bxf5 32. Nexd6 Bxd3 33. Rxd3 Re2
34. Nf5 Bd8 35. Ne5 Bg5 36. Rf1 Bxf4 37. Rxf4 Rxe5 38. Rh3 Re1+ 39. Kg2 Qd7 40.
Rxh6+ Kg8 41. Rg6+ Kh8 42. d6 Re6 43. Rxe6 Qxe6 44. Kf3 Qe1 45. Re4 Qf1+ 46.
Ke3 Qc1+ 47. Kf3 Qf1+ 48. Kg3 Kh7 49. Re7+ Kg6 50. Rg7+ Kf6 51. g5+ Ke5 1-0

[Event "Herlev "]
[Site "Herlev"]
[Date "1997.??.??"]
[Round "2"]
[White "Jakobsen, Ole"]
[Black "Stojanovski, Sandi"]
[Result "1-0"]
[WhiteElo "2385"]
[BlackElo "2225"]
[PlyCount "86"]
[EventDate "1997.??.??"]
[EventType "swiss"]
[EventRounds "9"]
[EventCountry "DEN"]
[Source "ChessBase"]
[SourceDate "1998.11.10"]

1. c4 c5 2. Nf3 Nf6 3. g3 d5 4. cxd5 Nxd5 5. Bg2 Nc6 6. Nc3 Nc7 7. O-O e5 8. b3
Bd7 9. Bb2 Be7 10. Rc1 f6 11. Ne1 O-O 12. Nd3 Ne6 13. f4 exf4 14. gxf4 Ned4 15.
e3 Nf5 16. Nd5 b6 17. b4 cxb4 18. N5xb4 Nxb4 19. Nxb4 Bxb4 20. Qb3+ Kh8 21.
Qxb4 Rc8 22. Ba3 Rg8 23. Bd5 Re8 24. Bf7 a5 25. Qb1 Rxc1 26. Rxc1 Nh4 27. Bxe8
Qxe8 28. Qd3 Bf5 29. Qd5 Qg6+ 30. Kf2 h5 31. Rg1 Qe8 32. Qd6 Ng6 33. Qxb6 Qe4
34. Qc5 Bg4 35. Rxg4 hxg4 36. Qc8+ Kh7 37. Qxg4 Qd5 38. Bc1 Qc5 39. Bb2 Ne7 40.
Bc3 a4 41. Qd7 Nd5 42. Qxa4 Nxe3 43. dxe3 Qxc3 1-0

[Event "Herlev "]
[Site "Herlev"]
[Date "1997.??.??"]
[Round "6"]
[White "Jakobsen, Ole"]
[Black "Petersen, Steen"]
[Result "1-0"]
[WhiteElo "2370"]
[BlackElo "2140"]
[PlyCount "47"]
[EventDate "1997.??.??"]
[EventType "swiss"]
[EventRounds "9"]
[EventCountry "DEN"]
[Source "ChessBase"]
[SourceDate "1998.11.10"]

1. c4 Nf6 2. Nc3 g6 3. e4 d6 4. d4 Bg7 5. Be2 O-O 6. Bg5 Na6 7. Nf3 Qe8 8. O-O
e5 9. Bxf6 Bxf6 10. c5 b6 11. Nd5 Bd8 12. cxd6 cxd6 13. b4 Nc7 14. dxe5 dxe5
15. Rc1 Ne6 16. Nxe5 Bg5 17. Nf3 Qd8 18. Nxg5 Nxg5 19. Qd4 Ne6 20. Qb2 f6 21.
Rfd1 Rb8 22. Bg4 Kg7 23. Rc6 Re8 24. Nc7 1-0

[Event "Herlev "]
[Site "Herlev"]
[Date "1997.??.??"]
[Round "9"]
[White "Jakobsen, Ole"]
[Black "Christensen, Tobias"]
[Result "1-0"]
[WhiteElo "2370"]
[BlackElo "2395"]
[PlyCount "83"]
[EventDate "1997.??.??"]
[EventType "swiss"]
[EventRounds "9"]
[EventCountry "DEN"]
[Source "ChessBase"]
[SourceDate "1998.11.10"]

1. c4 d6 2. g3 g6 3. Bg2 Bg7 4. Nc3 Nc6 5. d3 Nf6 6. Rb1 O-O 7. Nf3 Bg4 8. h3
Bxf3 9. Bxf3 Qd7 10. Bg2 a6 11. b4 e6 12. O-O d5 13. Bg5 Ne7 14. Qb3 Rad8 15.
e4 dxe4 16. dxe4 Nc6 17. f4 e5 18. Rbd1 Nd4 19. Qb2 exf4 20. e5 Nh5 21. Bxd8
Bxe5 22. Rfe1 Bg7 23. Be7 Re8 24. Bc5 Rxe1+ 25. Rxe1 f3 26. Qf2 fxg2 27. Re7
Qxe7 28. Bxe7 Nf5 29. Ne2 Nxe7 30. Qxg2 c6 31. Qe4 Bf6 32. g4 Ng7 33. Qf4 Ne8
34. Qb8 Kf8 35. Qxb7 Nd6 36. Qxa6 h5 37. b5 hxg4 38. hxg4 Nxc4 39. b6 Ne3 40.
b7 Be5 41. Qa8+ Kg7 42. g5 1-0

[Event "Herlev "]
[Site "Herlev"]
[Date "1997.??.??"]
[Round "7"]
[White "Jakobsen, Ole"]
[Black "Aagaard, Jacob"]
[Result "1-0"]
[WhiteElo "2370"]
[BlackElo "2435"]
[PlyCount "119"]
[EventDate "1997.??.??"]
[EventType "swiss"]
[EventRounds "9"]
[EventCountry "DEN"]
[Source "ChessBase"]
[SourceDate "1998.11.10"]

1. c4 b6 2. Nc3 Bb7 3. d4 e6 4. a3 Nf6 5. Bg5 Be7 6. e3 d6 7. Nf3 Nbd7 8. Be2
O-O 9. O-O Re8 10. Qc2 c5 11. Rfd1 cxd4 12. Nxd4 a6 13. Rac1 Rc8 14. Qb1 Qc7
15. Bh4 Qb8 16. Bg3 Red8 17. b3 Qa8 18. f3 Bf8 19. Qb2 g6 20. Bf1 Ne5 21. Bh4
Bg7 22. e4 Qb8 23. Qe2 Re8 24. Qd2 Ned7 25. a4 Nh5 26. Nde2 Nc5 27. Rb1 Bf8 28.
Ng3 Ng7 29. e5 d5 30. b4 Qxe5 31. f4 Qc7 32. bxc5 Qxc5+ 33. Kh1 f5 34. Bf6 dxc4
35. Bd4 Qc7 36. Bxb6 Qf7 37. Qd4 e5 38. fxe5 Ne6 39. Qf2 h5 40. Nd5 Bg7 41.
Nf6+ Bxf6 42. exf6 Qxf6 43. Bd4 Qf7 44. Bc3 f4 45. Re1 Ng5 46. Qd4 Kh7 47. Rxe8
Rxe8 48. Rxb7 Qxb7 49. Qxf4 Ne4 50. Nxe4 Rxe4 51. Qf8 g5 52. Qh8+ Kg6 53. Qf6+
Kh7 54. Qf5+ Kh6 55. Bf6 Rg4 56. h3 Rg3 57. Be5 Rb3 58. Bxc4 Rb4 59. Qf6+ Kh7
60. Bf7 1-0

[Event "Herlev "]
[Site "Herlev"]
[Date "1997.??.??"]
[Round "2"]
[White "Larsen, Karsten"]
[Black "Petersen, Steen"]
[Result "1-0"]
[WhiteElo "2175"]
[BlackElo "2140"]
[PlyCount "95"]
[EventDate "1997.??.??"]
[EventType "swiss"]
[EventRounds "9"]
[EventCountry "DEN"]
[Source "ChessBase"]
[SourceDate "1998.11.10"]

1. e4 c5 2. Nf3 d6 3. Bb5+ Nd7 4. O-O Ngf6 5. Re1 a6 6. Bf1 b6 7. d3 e5 8. Nbd2
Be7 9. g3 O-O 10. Bg2 Bb7 11. c4 Ne8 12. Nf1 g6 13. Bh6 Ng7 14. Qd2 Nb8 15. Ne3
Qd7 16. Rab1 a5 17. h4 f6 18. Kh2 Rf7 19. Bh3 Qd8 20. Bxg7 Rxg7 21. Be6+ Kh8
22. h5 Bc8 23. Bxc8 Qxc8 24. hxg6 hxg6 25. Kg2 Kg8 26. Nd5 Bd8 27. Rh1 g5 28.
Rh6 Kf7 29. Rbh1 Nc6 30. Rh8 Qb7 31. a4 Ne7 32. Qd1 Ng6 33. R8h6 Qd7 34. Nh2 f5
35. Qh5 f4 36. Ng4 Qe8 37. Rh7 Qf8 38. Nh6+ Ke8 39. Nf5 Raa7 40. Rxg7 Rxg7 41.
Nxg7+ Qxg7 42. Qg4 Qd7 43. Qxd7+ Kxd7 44. Rh7+ Kc6 45. Rf7 g4 46. Kg1 fxg3 47.
fxg3 Bg5 48. Rc7# 1-0

[Event "Herlev "]
[Site "Herlev"]
[Date "1997.??.??"]
[Round "6"]
[White "Larsen, Karsten"]
[Black "Stojanovski, Sandi"]
[Result "1-0"]
[WhiteElo "2175"]
[BlackElo "2230"]
[PlyCount "77"]
[EventDate "1997.??.??"]
[EventType "swiss"]
[EventRounds "9"]
[EventCountry "DEN"]
[Source "ChessBase"]
[SourceDate "1998.11.10"]

1. f4 c5 2. Nf3 Nc6 3. g3 g6 4. Bg2 Bg7 5. O-O e6 6. d3 Nge7 7. e4 O-O 8. Nbd2
d6 9. Kh1 Qc7 10. g4 f5 11. gxf5 exf5 12. Nc4 b5 13. Ne3 fxe4 14. dxe4 Nd4 15.
Nxd4 cxd4 16. Ng4 Bb7 17. Bd2 Qc4 18. Nf2 Rac8 19. Rc1 b4 20. Nd3 a5 21. Qg4
Rc7 22. b3 Qf7 23. a3 Rfc8 24. Qd1 Qe6 25. Re1 a4 26. Nxb4 axb3 27. cxb3 Rxc1
28. Bxc1 Rc3 29. Bb2 Rxb3 30. Bxd4 Rxa3 31. Bxg7 Kxg7 32. Nc2 Ra2 33. Nd4 Qc4
34. f5 Nxf5 35. Nxf5+ gxf5 36. Rg1 Kh6 37. Qxd6+ Kg7 38. Bf1+ Kh8 39. Qf8+ 1-0

[Event "Herlev "]
[Site "Herlev"]
[Date "1997.??.??"]
[Round "3"]
[White "Larsen, Karsten"]
[Black "Henrichsen, Jens"]
[Result "1-0"]
[WhiteElo "2175"]
[BlackElo "2070"]
[PlyCount "63"]
[EventDate "1997.??.??"]
[EventType "swiss"]
[EventRounds "9"]
[EventCountry "DEN"]
[Source "ChessBase"]
[SourceDate "1998.11.10"]

1. Nf3 Nf6 2. d3 g6 3. g3 Bg7 4. Bg2 O-O 5. O-O d6 6. e4 e5 7. Nh4 Ne8 8. Nc3
c6 9. Qe1 Na6 10. Be3 Nac7 11. f4 exf4 12. gxf4 f5 13. Qg3 Be6 14. Rae1 Qd7 15.
Nf3 Kh8 16. Ng5 Bg8 17. e5 dxe5 18. fxe5 Ne6 19. Nxe6 Bxe6 20. h4 Rg8 21. Re2
Nc7 22. Bc5 Bf7 23. Bd6 Ne6 24. Ref2 Bh6 25. Ne4 Bg7 26. c3 Rae8 27. d4 b6 28.
b3 Nd8 29. Ng5 Bd5 30. c4 Bxg2 31. Qxg2 Ne6 32. Qxc6 1-0

[Event "Herlev "]
[Site "Herlev"]
[Date "1997.??.??"]
[Round "3"]
[White "Larsen, Peter"]
[Black "Jakobsen, Ole"]
[Result "1-0"]
[WhiteElo "2180"]
[BlackElo "2385"]
[PlyCount "83"]
[EventDate "1997.??.??"]
[EventType "swiss"]
[EventRounds "9"]
[EventCountry "DEN"]
[Source "ChessBase"]
[SourceDate "1998.11.10"]

1. d4 Nf6 2. c4 c5 3. d5 e6 4. dxe6 fxe6 5. Bg5 Be7 6. Nc3 d5 7. e3 d4 8. exd4
cxd4 9. Bxf6 Bxf6 10. Ne4 Qa5+ 11. Qd2 Qxd2+ 12. Kxd2 Be7 13. Nf3 Nc6 14. c5
Bd7 15. Bc4 O-O 16. b4 Nxb4 17. Ne5 Bc8 18. g3 Nc6 19. Nxc6 bxc6 20. Rab1 Kh8
21. f4 g5 22. fxg5 e5 23. Rhf1 Bf5 24. Rb7 Bxe4 25. Rxe7 Rfe8 26. Rff7 Bg6 27.
Rxe8+ Rxe8 28. Rxa7 e4 29. Rd7 d3 30. Ke3 Rf8 31. a4 Rf3+ 32. Kd4 h6 33. a5 d2
34. Ke5 Rf5+ 35. Ke6 Rf2 36. a6 Bf7+ 37. Ke5 Bxc4 38. Rd8+ Kg7 39. a7 d1=Q 40.
a8=Q Qd2 41. Rxd2 Rxd2 42. Qb7+ 1-0

[Event "Herlev "]
[Site "Herlev"]
[Date "1997.??.??"]
[Round "9"]
[White "Larsen, Peter"]
[Black "Lund, Silas"]
[Result "1/2-1/2"]
[WhiteElo "2215"]
[BlackElo "2120"]
[PlyCount "63"]
[EventDate "1997.??.??"]
[EventType "swiss"]
[EventRounds "9"]
[EventCountry "DEN"]
[Source "ChessBase"]
[SourceDate "1998.11.10"]

1. e4 Nf6 2. e5 Nd5 3. d4 d6 4. f4 dxe5 5. fxe5 c5 6. c4 Nb4 7. a3 N4c6 8. e6
Qxd4 9. exf7+ Kxf7 10. Bd3 Ne5 11. Nf3 Nxd3+ 12. Qxd3 Qxd3 13. Ne5+ Ke8 14.
Nxd3 Bf5 15. Nxc5 e6 16. Be3 Nc6 17. Nd2 b6 18. Nce4 Ne5 19. b3 Rd8 20. h3 Rd3
21. Ke2 Bxe4 22. Nxe4 Rxb3 23. Nd2 Rd3 24. Bf4 Bc5 25. Rae1 Bd4 26. Bxe5 Re3+
27. Kd1 Rxe5 28. Nf3 Rxe1+ 29. Rxe1 Bc5 30. Rxe6+ Kd7 31. Re2 Re8 32. a4
1/2-1/2

[Event "Herlev "]
[Site "Herlev"]
[Date "1997.??.??"]
[Round "5"]
[White "Lund, Silas"]
[Black "Andersen, Ejnar"]
[Result "1-0"]
[WhiteElo "2120"]
[BlackElo "2040"]
[PlyCount "109"]
[EventDate "1997.??.??"]
[EventType "swiss"]
[EventRounds "9"]
[EventCountry "DEN"]
[Source "ChessBase"]
[SourceDate "1998.11.10"]

1. c4 e5 2. Nc3 f5 3. d4 exd4 4. Qxd4 Nc6 5. Qe3+ Be7 6. Nd5 Kf8 7. Nh3 Nf6 8.
Nhf4 Nb4 9. Nxb4 Bxb4+ 10. Bd2 Bxd2+ 11. Qxd2 Qe7 12. O-O-O c6 13. e3 b5 14.
cxb5 Bb7 15. f3 Rc8 16. Kb1 g6 17. bxc6 Bxc6 18. Ba6 Rb8 19. Qd6 Qxd6 20. Rxd6
Ke7 21. Rhd1 Rb6 22. Bc4 Be4+ 23. R6d3 Bxd3+ 24. Rxd3 Rhb8 25. Rd2 Rd6 26. Re2
Rc8 27. b3 a5 28. a4 Rc5 29. Kb2 Rb6 30. Kc3 g5 31. Nd3 Rc8 32. e4 fxe4 33.
fxe4 Kf8 34. Kd4 d6 35. Rf2 Kg7 36. Rf5 Re8 37. Rxg5+ Kh6 38. Rxa5 Rxe4+ 39.
Kc3 Re2 40. Rf5 Kg7 41. a5 Rb8 42. Nf4 Re3+ 43. Kb2 Ne4 44. Rf7+ Kh6 45. h4 Rg3
46. Bd3 d5 47. a6 Rg7 48. Rf5 Rd7 49. Rh5+ Kg7 50. Nxd5 Nf6 51. Rg5+ Kf7 52.
Bc4 Nxd5 53. Rxd5 Ke7 54. Rxd7+ Kxd7 55. Bd5 1-0

[Event "Herlev "]
[Site "Herlev"]
[Date "1997.??.??"]
[Round "7"]
[White "Nielsen, Morten"]
[Black "Rugholm, Lars"]
[Result "1/2-1/2"]
[WhiteElo "2005"]
[BlackElo "2030"]
[PlyCount "105"]
[EventDate "1997.??.??"]
[EventType "swiss"]
[EventRounds "9"]
[EventCountry "DEN"]
[Source "ChessBase"]
[SourceDate "1998.11.10"]

1. e4 e6 2. d4 d5 3. Nd2 c5 4. exd5 Qxd5 5. dxc5 Bxc5 6. Ngf3 Nf6 7. Bc4 Qc6 8.
Qe2 a6 9. a4 O-O 10. O-O Nbd7 11. c3 b6 12. b4 Bd6 13. Ba3 Qc7 14. Bb3 Bb7 15.
c4 Rfd8 16. Rfc1 Rac8 17. Bc2 Ne5 18. c5 Nxf3+ 19. Nxf3 bxc5 20. bxc5 Bf4 21.
Rcb1 Bxf3 22. Qxf3 Bxh2+ 23. Kf1 Be5 24. Ra2 Rb8 25. Re1 Bd4 26. c6 Rb6 27. Rc1
Rd5 28. Bd3 Rxc6 29. Rxc6 Qxc6 30. Rc2 Qa8 31. Bc4 Rd8 32. Qxa8 Rxa8 33. Bxa6
g6 34. Bb5 Nd5 35. Bd7 Nb6 36. Bb5 Be5 37. Rc6 Nd5 38. Bc1 Rd8 39. Ke2 Nc3+ 40.
Kf3 Nxb5 41. axb5 Rb8 42. b6 Kf8 43. Bf4 Bxf4 44. Kxf4 Rb7 45. Ke5 Ke7 46. Kd4
Rd7+ 47. Kc4 Rd1 48. Kb5 Rd2 49. Rc7+ Kd6 50. Rxf7 Rb2+ 51. Ka6 Kc6 52. Rc7+
Kd6 53. Rf7 1/2-1/2

[Event "Herlev "]
[Site "Herlev"]
[Date "1997.??.??"]
[Round "4"]
[White "Nielsen, Morten"]
[Black "Hartung Nielsen, Jens"]
[Result "0-1"]
[WhiteElo "2005"]
[BlackElo "2235"]
[PlyCount "100"]
[EventDate "1997.??.??"]
[EventType "swiss"]
[EventRounds "9"]
[EventCountry "DEN"]
[Source "ChessBase"]
[SourceDate "1998.11.10"]

1. e4 c5 2. Nf3 d6 3. d4 cxd4 4. Nxd4 Nf6 5. Nc3 g6 6. f4 Nc6 7. Nxc6 bxc6 8.
e5 Nd7 9. exd6 exd6 10. Be3 Nf6 11. Qd2 d5 12. Rd1 Qe7 13. Be2 Bg7 14. O-O O-O
15. Bf3 Bg4 16. Na4 Rfe8 17. Rde1 Bxf3 18. gxf3 Nh5 19. f5 Qh4 20. b3 Rxe3 21.
Rxe3 Bd4 22. f4 Bxe3+ 23. Qxe3 Qg4+ 24. Kh1 Qxf5 25. Nc5 Nf6 26. Qe5 Qh3 27.
Qe2 Re8 28. Qf3 Qf5 29. Nd3 Ne4 30. Re1 Re6 31. Qg2 h5 32. h4 Qf6 33. Qh2 Kg7
34. Ne5 Nd6 35. Rg1 Nf5 36. Rg5 Qe7 37. Qg1 c5 38. Qf2 d4 39. Kh2 Ne3 40. Kh3
Qb7 41. Qf3 Qc8 42. Kh2 Kf8 43. Nd3 c4 44. Rc5 Qd8 45. bxc4 Qxh4+ 46. Kg1 Ng4
47. Qg2 Re3 48. Qa8+ Kg7 49. Rc8 Qh2+ 50. Kf1 Qe2+ 0-1

[Event "Herlev "]
[Site "Herlev"]
[Date "1997.??.??"]
[Round "4"]
[White "Nilsson, Nils Specht"]
[Black "Stojanovski, Sandi"]
[Result "0-1"]
[WhiteElo "2225"]
[BlackElo "2230"]
[PlyCount "100"]
[EventDate "1997.??.??"]
[EventType "swiss"]
[EventRounds "9"]
[EventCountry "DEN"]
[Source "ChessBase"]
[SourceDate "1998.11.10"]

1. d4 Nf6 2. c4 e6 3. g3 Bb4+ 4. Bd2 Bxd2+ 5. Nxd2 d6 6. Bg2 c5 7. d5 exd5 8.
cxd5 O-O 9. e4 Re8 10. Ne2 h5 11. h3 Bd7 12. a4 b5 13. O-O Na6 14. Nc3 Nc7 15.
Re1 Rb8 16. f4 b4 17. Ne2 Bc8 18. b3 Ba6 19. f5 Bxe2 20. Rxe2 Qe7 21. Kf2 Nd7
22. Nc4 Ne5 23. Qc2 Nxc4 24. Qxc4 h4 25. g4 Qe5 26. Rf1 Na8 27. Qd3 Nb6 28.
Ree1 c4 29. bxc4 Nxa4 30. Kg1 Nc5 31. Qf3 f6 32. g5 Qg3 33. gxf6 Qxf3 34. Bxf3
gxf6 35. Ra1 Re7 36. Kf2 b3 37. Rg1+ Rg7 38. Rxg7+ Kxg7 39. Rxa7+ Kh6 40. Bd1
b2 41. Bc2 b1=Q 42. Bxb1 Rxb1 43. Rf7 Kg5 44. Rg7+ Kf4 45. Rg4+ Ke5 46. Rxh4
Nxe4+ 47. Ke2 Rc1 48. Rg4 Rxc4 49. h4 Kxf5 50. Rg8 Rc3 0-1

[Event "Herlev "]
[Site "Herlev"]
[Date "1997.??.??"]
[Round "6"]
[White "Nilsson, Nils Specht"]
[Black "Henrichsen, Jens"]
[Result "1/2-1/2"]
[WhiteElo "2225"]
[BlackElo "2100"]
[PlyCount "157"]
[EventDate "1997.??.??"]
[EventType "swiss"]
[EventRounds "9"]
[EventCountry "DEN"]
[Source "ChessBase"]
[SourceDate "1998.11.10"]

1. e4 e6 2. d4 d5 3. Nd2 Nf6 4. e5 Nfd7 5. f4 c5 6. c3 Nc6 7. Ndf3 Qb6 8. Ne2
f6 9. g3 cxd4 10. cxd4 fxe5 11. fxe5 Bb4+ 12. Bd2 O-O 13. Bg2 Ndxe5 14. dxe5
Nxe5 15. Bxb4 Qxb4+ 16. Kf2 Qe4 17. Rf1 Nxf3 18. Nf4 Qd4+ 19. Kxf3 Qxd1+ 20.
Raxd1 g5 21. Ke3 gxf4+ 22. gxf4 Rf5 23. Rc1 Bd7 24. Rc7 Bc6 25. Bh3 Rf6 26.
Rg1+ Kh8 27. Re7 Re8 28. Rgg7 Rxe7 29. Rxe7 d4+ 30. Kxd4 Rxf4+ 31. Ke5 Re4+ 32.
Kf6 Rf4+ 33. Kg5 Rf2 34. Bxe6 Rxh2 35. Rc7 Rg2+ 36. Kf6 Rg6+ 37. Kf5 Be4+ 38.
Ke5 h5 39. Bf7 Rg4 40. Bxh5 Rh4 41. Bf7 Bc6 42. Kf6 Rf4+ 43. Kg5 Rf2 44. Kh6
Rf6+ 45. Bg6 Be8 46. Rh7+ Kg8 47. Rg7+ Kf8 48. Kh7 Bxg6+ 49. Rxg6 Rf2 50. Rg8+
Ke7 51. Ra8 a6 52. b4 Kd7 53. b5 Rxa2 54. Kg6 Rg2+ 55. Kf5 axb5 56. Ke4 Rc2 57.
Kd3 Rc4 58. Ra1 Kc6 59. Rb1 Kc5 60. Rh1 Kb4 61. Rb1+ Ka5 62. Ra1+ Kb6 63. Rh1
Ka5 64. Ra1+ Ra4 65. Rh1 Ra3+ 66. Kc2 b4 67. Rh8 Rg3 68. Kb2 Kb5 69. Rb8 b6 70.
Rc8 Rc3 71. Ra8 Rc6 72. Rh8 Rg6 73. Rc8 Rg5 74. Rc7 Ka4 75. Ra7+ Ra5 76. Rb7
Rh5 77. Ra7+ Kb5 78. Rc7 Rc5 79. Rg7 1/2-1/2

[Event "Herlev "]
[Site "Herlev"]
[Date "1997.??.??"]
[Round "8"]
[White "Nilsson, Nils Specht"]
[Black "Nielsen, Morten"]
[Result "1-0"]
[WhiteElo "2225"]
[BlackElo "2005"]
[PlyCount "81"]
[EventDate "1997.??.??"]
[EventType "swiss"]
[EventRounds "9"]
[EventCountry "DEN"]
[Source "ChessBase"]
[SourceDate "1998.11.10"]

1. e4 Nf6 2. Nc3 e5 3. f4 d6 4. Nf3 Bg4 5. h3 Bxf3 6. Qxf3 a6 7. Bc4 Nc6 8. d3
Nd4 9. Qf2 Be7 10. O-O b5 11. Bb3 O-O 12. Be3 c5 13. Nd5 Rc8 14. c3 Nc6 15. f5
Nxd5 16. Bxd5 Bg5 17. Bxg5 Qxg5 18. f6 g6 19. Rae1 h5 20. Kh2 Kh7 21. Re3 Rc7
22. Rg3 Qh6 23. h4 Nd8 24. Rf3 Re8 25. Rg1 Rh8 26. g4 Kg8 27. g5 Qf8 28. d4 Qe8
29. dxc5 dxc5 30. Qg3 Kh7 31. Rf5 Nc6 32. Bxc6 Rxc6 33. Rxe5 Re6 34. Rxe6 Qxe6
35. Qc7 Re8 36. Rd1 Qxa2 37. Kg3 Qe6 38. Kf2 Qb3 39. Ke3 Qc4 40. Qc6 Qe6 41.
Qxe6 1-0

[Event "Herlev "]
[Site "Herlev"]
[Date "1997.??.??"]
[Round "6"]
[White "Olsen, Heini"]
[Black "Hartvig, Ove Weiss"]
[Result "1/2-1/2"]
[WhiteElo "2300"]
[BlackElo "2290"]
[PlyCount "33"]
[EventDate "1997.??.??"]
[EventType "swiss"]
[EventRounds "9"]
[EventCountry "DEN"]
[Source "ChessBase"]
[SourceDate "1998.11.10"]

1. Nf3 g6 2. d4 Bg7 3. c4 c5 4. e3 Nf6 5. Nc3 cxd4 6. exd4 d5 7. Be2 O-O 8. O-O
dxc4 9. Bxc4 Nc6 10. d5 Na5 11. Be2 b6 12. b4 Nb7 13. Bb2 Nxd5 14. Qxd5 Qxd5
15. Nxd5 Bxb2 16. Nc7 Rb8 17. Rab1 1/2-1/2

[Event "Herlev "]
[Site "Herlev"]
[Date "1997.??.??"]
[Round "1"]
[White "Petersen, Steen"]
[Black "Sorensen, Torben N"]
[Result "0-1"]
[WhiteElo "2140"]
[BlackElo "2295"]
[PlyCount "36"]
[EventDate "1997.??.??"]
[EventType "swiss"]
[EventRounds "9"]
[EventCountry "DEN"]
[Source "ChessBase"]
[SourceDate "1998.11.10"]

1. d4 d5 2. Nf3 Nf6 3. c4 dxc4 4. e3 e6 5. Bxc4 c5 6. O-O a6 7. Bd3 cxd4 8.
exd4 Nc6 9. Nc3 Be7 10. Bg5 O-O 11. Rc1 Nd5 12. Nxd5 Bxg5 13. Nxg5 Qxg5 14. Nc7
Rb8 15. Rc5 Qf4 16. Nxa6 Ra8 17. Rc3 g6 18. Bb1 Rxa6 0-1

[Event "Herlev "]
[Site "Herlev"]
[Date "1997.??.??"]
[Round "8"]
[White "Petersen, Steen"]
[Black "Sperber, Lennart"]
[Result "1-0"]
[WhiteElo "2140"]
[BlackElo "1875"]
[PlyCount "71"]
[EventDate "1997.??.??"]
[EventType "swiss"]
[EventRounds "9"]
[EventCountry "DEN"]
[Source "ChessBase"]
[SourceDate "1998.11.10"]

1. d4 f5 2. Bg5 Nf6 3. Bxf6 exf6 4. e3 d5 5. c4 Bb4+ 6. Nc3 dxc4 7. Bxc4 Qe7 8.
Nge2 Be6 9. Bxe6 Bxc3+ 10. bxc3 Qxe6 11. Nf4 Qc4 12. Kd2 Qf7 13. Qb1 c6 14.
Qxf5 O-O 15. Rhb1 Re8 16. Qc2 g5 17. Nd3 b6 18. Qb3 Re6 19. a4 Kg7 20. a5 b5
21. Nc5 Rd6 22. Qxf7+ Kxf7 23. c4 a6 24. cxb5 cxb5 25. Rc1 Ra7 26. Ne4 Rc6 27.
d5 Rxc1 28. Rxc1 Rd7 29. Rc5 h6 30. g4 Kg6 31. Ng3 Rd8 32. Nf5 h5 33. h3 hxg4
34. hxg4 Nd7 35. Rc7 Ne5 36. Rg7# 1-0